[Event "T-Director's Swiss sytem"]
[Site "playchess.com #662980"]
[Date "2014.03.16"]
[Round "1"]
[White "Holzpferdchen"]
[Black "Quicksilver2"]
[Result "0-1"]
[WhiteElo "1427"]
[BlackElo "2031"]
[PlyCount "52"]
[EventDate "2014.03.16"]
[EventType "swiss (blitz)"]

1. c4 {[%emt 0:00:02]} c5 {[%emt 0:00:01]} 2. Nc3 {[%emt 0:00:01]} Nc6 {[%emt
0:00:01]} 3. g3 {[%emt 0:00:01]} e5 {[%emt 0:00:01]} 4. Bg2 {[%emt 0:00:01]} d6
{[%emt 0:00:01]} 5. e3 {[%emt 0:00:01]} f5 {[%emt 0:00:01]} 6. Nge2 {[%emt 0:
00:01]} Nf6 {[%emt 0:00:01]} 7. O-O {[%emt 0:00:01]} Be7 {[%emt 0:00:01]} 8. b3
{[%emt 0:00:01]} O-O {[%emt 0:00:01]} 9. Bb2 {[%emt 0:00:01]} a6 {[%emt 0:00:
01]} 10. d4 {[%emt 0:00:03]} exd4 {[%emt 0:00:04]} 11. exd4 {[%emt 0:00:01]}
cxd4 {[%emt 0:00:07]} 12. Nxd4 {[%emt 0:00:01]} Bd7 {[%emt 0:00:01]} 13. Re1 {
[%emt 0:00:04]} Rb8 {[%emt 0:00:02]} 14. Ne6 {[%emt 0:00:08]} Bxe6 {[%emt 0:00:
02]} 15. Rxe6 {[%emt 0:00:01]} Qd7 {[%emt 0:00:01]} 16. Qe1 {[%emt 0:00:41]}
Rfe8 {[%emt 0:00:09]} 17. Nd5 {[%emt 0:00:10]} Nxd5 {[%emt 0:00:02]} 18. Bxd5 {
[%emt 0:00:05]} Kh8 {[%emt 0:00:08]} 19. Qc3 {[%emt 0:00:19]} Bf8 {[%emt 0:00:
03]} 20. Rae1 {[%emt 0:00:05]} Ne5 {[%emt 0:00:01]} 21. Rxe8 {[%emt 0:00:55]}
Rxe8 {[%emt 0:00:02]} 22. h4 {[%emt 0:01:07]} f4 {[%emt 0:00:13]} 23. h5 {
[%emt 0:00:15]} fxg3 {[%emt 0:00:10]} 24. fxg3 {[%emt 0:00:02]} Qg4 {[%emt 0:
00:13]} 25. h6 {[%emt 0:00:11]} gxh6 {[%emt 0:00:41]} 26. Kg2 {[%emt 0:00:17]}
Bg7 {[%emt 0:00:04] Holzpferdchen gibt auf} 0-1

[Event "T-Director's Swiss sytem"]
[Site "playchess.com #662980"]
[Date "2014.03.16"]
[Round "7"]
[White "Holzpferdchen"]
[Black "Whn"]
[Result "0-1"]
[WhiteElo "1463"]
[BlackElo "1670"]
[PlyCount "86"]
[EventDate "2014.03.16"]
[EventType "swiss (blitz)"]

1. c4 {[%emt 0:00:02]} c5 {[%emt 0:00:00]} 2. Nc3 {[%emt 0:00:02]} Nf6 {[%emt
0:00:00]} 3. g3 {[%emt 0:00:01]} g6 {[%emt 0:00:01]} 4. Bg2 {[%emt 0:00:00]}
Bg7 {[%emt 0:00:01]} 5. e3 {[%emt 0:00:01]} Nc6 {[%emt 0:00:01]} 6. Nge2 {
[%emt 0:00:01]} a6 {[%emt 0:00:00]} 7. O-O {[%emt 0:00:01]} O-O {[%emt 0:00:01]
} 8. b3 {[%emt 0:00:00]} d6 {[%emt 0:00:01]} 9. Bb2 {[%emt 0:00:01]} Bd7 {
[%emt 0:00:10]} 10. d4 {[%emt 0:00:06]} Rc8 {[%emt 0:00:07]} 11. Qd2 {[%emt 0:
00:03]} cxd4 {[%emt 0:00:05]} 12. exd4 {[%emt 0:00:01]} e5 {[%emt 0:00:18]} 13.
Rfd1 {[%emt 0:00:05]} Qc7 {[%emt 0:00:10]} 14. Rac1 {[%emt 0:00:06]} Rcd8 {
[%emt 0:00:05]} 15. dxe5 {[%emt 0:00:07]} dxe5 {[%emt 0:00:03]} 16. Qd6 {[%emt
0:00:10]} Qxd6 {[%emt 0:00:05]} 17. Rxd6 {[%emt 0:00:01]} Bc8 {[%emt 0:00:13]}
18. Rcd1 {[%emt 0:00:02]} Rxd6 {[%emt 0:00:03]} 19. Rxd6 {[%emt 0:00:02]} Rd8 {
[%emt 0:00:07]} 20. Rxd8+ {[%emt 0:00:22]} Nxd8 {[%emt 0:00:03]} 21. Nd5 {
[%emt 0:00:17]} Nxd5 {[%emt 0:00:02]} 22. Bxd5 {[%emt 0:00:02]} Be6 {[%emt 0:
00:10]} 23. Nc3 {[%emt 0:00:13]} f5 {[%emt 0:00:17] Holzpferdchen bietet Remis}
24. Bxe6+ {[%emt 0:00:23]} Nxe6 {[%emt 0:00:02]} 25. Nd5 {[%emt 0:00:01]} Kf7 {
[%emt 0:00:04]} 26. Kf1 {[%emt 0:00:04]} e4 {[%emt 0:00:30]} 27. Bxg7 {[%emt 0:
00:31]} Nxg7 {[%emt 0:00:04]} 28. Ke2 {[%emt 0:00:02]} Ke6 {[%emt 0:00:04]} 29.
Ke3 {[%emt 0:01:10]} Ke5 {[%emt 0:00:05]} 30. h4 {[%emt 0:00:13]} h6 {[%emt 0:
00:08]} 31. Ne7 {[%emt 0:00:08]} g5 {[%emt 0:00:01]} 32. hxg5 {[%emt 0:00:04]}
hxg5 {[%emt 0:00:02]} 33. a3 {[%emt 0:00:17]} f4+ {[%emt 0:00:03]} 34. gxf4+ {
[%emt 0:00:02]} gxf4+ {[%emt 0:00:01]} 35. Ke2 {[%emt 0:00:02]} Kd4 {[%emt 0:
00:12]} 36. Nd5 {[%emt 0:00:08]} Ne6 {[%emt 0:00:10]} 37. f3 {[%emt 0:00:11]}
e3 {[%emt 0:00:04]} 38. Nb6 {[%emt 0:00:13]} Kc3 {[%emt 0:00:13]} 39. b4 {
[%emt 0:00:02]} Nd4+ {[%emt 0:00:05]} 40. Kd1 {[%emt 0:00:04]} Kd3 {[%emt 0:00:
01]} 41. c5 {[%emt 0:00:10]} e2+ {[%emt 0:00:01]} 42. Ke1 {[%emt 0:00:02]} Nc2+
{[%emt 0:00:03]} 43. Kf2 {[%emt 0:00:01]} e1=Q+ {[%emt 0:00:01] Holzpferdchen
gibt auf} 0-1

[Event "T-Director's Swiss sytem"]
[Site "playchess.com #662980"]
[Date "2014.03.16"]
[Round "5"]
[White "Holzpferdchen"]
[Black "arminia69"]
[Result "0-1"]
[WhiteElo "1439"]
[BlackElo "1709"]
[PlyCount "54"]
[EventDate "2014.03.16"]
[EventType "swiss (blitz)"]

1. c4 {[%emt 0:00:21]} Nf6 {[%emt 0:00:04]} 2. Nc3 {[%emt 0:00:04]} c5 {[%emt
0:00:02]} 3. g3 {[%emt 0:00:06]} d5 {[%emt 0:00:06]} 4. cxd5 {[%emt 0:00:02]}
Nxd5 {[%emt 0:00:01]} 5. Bg2 {[%emt 0:00:01]} e6 {[%emt 0:00:06]} 6. e3 {[%emt
0:00:01]} Nc6 {[%emt 0:00:01]} 7. Nge2 {[%emt 0:00:01]} Be7 {[%emt 0:00:01]} 8.
O-O {[%emt 0:00:02]} Bf6 {[%emt 0:00:01]} 9. Nxd5 {[%emt 0:00:15]} exd5 {[%emt
0:00:02]} 10. Qb3 {[%emt 0:00:03]} Ne7 {[%emt 0:00:26]} 11. Nf4 {[%emt 0:00:05]
} Be6 {[%emt 0:00:18]} 12. Qxb7 {[%emt 0:00:18]} O-O {[%emt 0:00:05]} 13. Nxe6
{[%emt 0:00:19]} fxe6 {[%emt 0:00:02]} 14. Bh3 {[%emt 0:00:02]} Qd6 {[%emt 0:
00:16]} 15. d3 {[%emt 0:00:15]} Rfb8 {[%emt 0:00:05]} 16. Qa6 {[%emt 0:00:02]}
Qxa6 {[%emt 0:00:03]} 17. Bd2 {[%emt 0:00:02]} Rxb2 {[%emt 0:00:04]} 18. Rfd1 {
[%emt 0:00:07]} Rxd2 {[%emt 0:00:03]} 19. Rab1 {[%emt 0:00:11]} Rxd1+ {[%emt 0:
00:07]} 20. Rxd1 {[%emt 0:00:02]} Kf7 {[%emt 0:00:00]} 21. Rb1 {[%emt 0:01:25]}
Qxd3 {[%emt 0:00:20]} 22. Rb7 {[%emt 0:01:20]} c4 {[%emt 0:00:04]} 23. Bf1 {
[%emt 0:00:11]} Qd1 {[%emt 0:00:09]} 24. Kg2 {[%emt 0:00:10]} c3 {[%emt 0:00:
02]} 25. Rc7 {[%emt 0:00:07]} Rc8 {[%emt 0:00:02]} 26. Rxc8 {[%emt 0:00:13]}
Nxc8 {[%emt 0:00:05]} 27. Bd3 {[%emt 0:00:09]} e5 {[%emt 0:00:04] ' Zeit} 0-1

[Event "T-Director's Swiss sytem"]
[Site "playchess.com #662980"]
[Date "2014.03.16"]
[Round "3"]
[White "Hühnersuppe"]
[Black "Rkem71"]
[Result "1-0"]
[WhiteElo "1814"]
[BlackElo "1482"]
[PlyCount "59"]
[EventDate "2014.03.16"]
[EventType "swiss (blitz)"]

1. d4 {[%emt 0:00:02]} Nf6 {[%emt 0:00:06]} 2. Nf3 {[%emt 0:00:03]} g6 {[%emt
0:00:01]} 3. Nc3 {[%emt 0:00:03]} Bg7 {[%emt 0:00:01]} 4. e4 {[%emt 0:00:02]}
d6 {[%emt 0:00:02]} 5. Be2 {[%emt 0:00:04]} Nbd7 {[%emt 0:00:07]} 6. O-O {
[%emt 0:00:02]} O-O {[%emt 0:00:02]} 7. h3 {[%emt 0:00:04]} e5 {[%emt 0:00:13]}
8. d5 {[%emt 0:00:08]} Nc5 {[%emt 0:00:03]} 9. Nd2 {[%emt 0:00:13]} a5 {[%emt
0:00:05]} 10. Bf3 {[%emt 0:00:11]} Ne8 {[%emt 0:00:04]} 11. Nb3 {[%emt 0:00:02]
} Nxb3 {[%emt 0:00:05]} 12. axb3 {[%emt 0:00:02]} f5 {[%emt 0:00:04]} 13. b4 {
[%emt 0:00:17]} b6 {[%emt 0:00:10]} 14. bxa5 {[%emt 0:00:03]} bxa5 {[%emt 0:00:
12]} 15. exf5 {[%emt 0:00:34]} Bxf5 {[%emt 0:00:05]} 16. Bg4 {[%emt 0:00:07]}
Qd7 {[%emt 0:00:19]} 17. Bxf5 {[%emt 0:00:09]} Qxf5 {[%emt 0:00:02]} 18. Be3 {
[%emt 0:00:30]} Nf6 {[%emt 0:00:19]} 19. Ra4 {[%emt 0:00:07]} Qd7 {[%emt 0:00:
34]} 20. Qa1 {[%emt 0:00:07]} Rfb8 {[%emt 0:00:40]} 21. b3 {[%emt 0:00:23]} e4
{[%emt 0:00:05]} 22. Bd4 {[%emt 0:00:17]} Nxd5 {[%emt 0:00:41]} 23. Nxd5 {
[%emt 0:00:07]} Bxd4 {[%emt 0:00:09]} 24. Qxd4 {[%emt 0:00:04]} Rf8 {[%emt 0:
00:08]} 25. Nf6+ {[%emt 0:00:14]} Rxf6 {[%emt 0:00:03]} 26. Qxf6 {[%emt 0:00:
01]} Rf8 {[%emt 0:00:05]} 27. Qd4 {[%emt 0:00:10]} d5 {[%emt 0:00:08]} 28. Rxa5
{[%emt 0:00:05]} c6 {[%emt 0:00:01]} 29. Ra7 {[%emt 0:00:04]} Qf5 {[%emt 0:00:
01]} 30. Qg7# {[%emt 0:00:03]} 1-0

[Event "T-Director's Swiss sytem"]
[Site "playchess.com #662980"]
[Date "2014.03.16"]
[Round "8"]
[White "Irremeabilis"]
[Black "Chess-hate"]
[Result "1-0"]
[WhiteElo "1990"]
[BlackElo "1702"]
[PlyCount "71"]
[EventDate "2014.03.16"]
[EventType "swiss (blitz)"]

1. e4 {[%emt 0:00:06]} c5 {[%emt 0:00:00]} 2. Nc3 {[%emt 0:00:01]} e6 {[%emt 0:
00:02]} 3. f4 {[%emt 0:00:02]} a6 {[%emt 0:00:01]} 4. a4 {[%emt 0:00:02]} Nc6 {
[%emt 0:00:02]} 5. Bc4 {[%emt 0:00:01]} Be7 {[%emt 0:00:04]} 6. Nf3 {[%emt 0:
00:01]} d6 {[%emt 0:00:01]} 7. O-O {[%emt 0:00:01]} Nf6 {[%emt 0:00:01]} 8. d3
{[%emt 0:00:01]} O-O {[%emt 0:00:02]} 9. Ba2 {[%emt 0:00:01]} Nb4 {[%emt 0:00:
10]} 10. Bb3 {[%emt 0:00:01]} Qc7 {[%emt 0:00:10]} 11. Qe2 {[%emt 0:00:05]} b6
{[%emt 0:00:04]} 12. Bd2 {[%emt 0:00:05]} Bb7 {[%emt 0:00:01]} 13. Nd1 {[%emt
0:00:07]} Rac8 {[%emt 0:00:02]} 14. Bxb4 {[%emt 0:00:04]} cxb4 {[%emt 0:00:01]}
15. Ne3 {[%emt 0:00:01]} d5 {[%emt 0:00:02]} 16. e5 {[%emt 0:00:01]} Nd7 {
[%emt 0:00:02]} 17. d4 {[%emt 0:00:08]} b5 {[%emt 0:00:07]} 18. axb5 {[%emt 0:
00:02]} axb5 {[%emt 0:00:01]} 19. Qxb5 {[%emt 0:00:02]} Nb6 {[%emt 0:00:07]}
20. Ra7 {[%emt 0:00:14]} Rcd8 {[%emt 0:00:03]} 21. Rfa1 {[%emt 0:00:09]} Ra8 {
[%emt 0:00:01]} 22. f5 {[%emt 0:00:17]} exf5 {[%emt 0:00:26]} 23. Nxf5 {[%emt
0:00:13]} Bd8 {[%emt 0:00:01]} 24. Nd6 {[%emt 0:00:14]} Rb8 {[%emt 0:00:02]}
25. Bxd5 {[%emt 0:00:31]} Nxd5 {[%emt 0:00:13]} 26. Rxb7 {[%emt 0:00:22]} Rxb7
{[%emt 0:00:07]} 27. Nxb7 {[%emt 0:00:01]} Ne3 {[%emt 0:00:11]} 28. Rc1 {[%emt
0:00:35]} Nc4 {[%emt 0:00:14]} 29. Qxb4 {[%emt 0:00:20]} Nb6 {[%emt 0:00:04]}
30. Nd6 {[%emt 0:00:17]} Be7 {[%emt 0:00:02]} 31. Qc5 {[%emt 0:00:03]} Qd8 {
[%emt 0:00:09]} 32. c4 {[%emt 0:00:10]} Nc8 {[%emt 0:00:02]} 33. Qxc8 {[%emt 0:
00:04]} Bxd6 {[%emt 0:00:06]} 34. Qxd8 {[%emt 0:00:05]} Rxd8 {[%emt 0:00:01]}
35. exd6 {[%emt 0:00:01]} Rxd6 {[%emt 0:00:01]} 36. c5 {[%emt 0:00:00]
Chess-hate abandonne} 1-0

[Event "T-Director's Swiss sytem"]
[Site "playchess.com #662980"]
[Date "2014.03.16"]
[Round "5"]
[White "Irremeabilis"]
[Black "Readycash"]
[Result "0-1"]
[WhiteElo "1991"]
[BlackElo "2327"]
[PlyCount "72"]
[EventDate "2014.03.16"]
[EventType "swiss (blitz)"]

1. e4 {[%emt 0:00:04]} c6 {[%emt 0:00:01]} 2. Nc3 {[%emt 0:00:12]} d5 {[%emt 0:
00:00]} 3. f4 {[%emt 0:00:01]} dxe4 {[%emt 0:00:02]} 4. Nxe4 {[%emt 0:00:00]}
Nf6 {[%emt 0:00:01]} 5. Ng3 {[%emt 0:00:00]} Bg4 {[%emt 0:00:04]} 6. Nf3 {
[%emt 0:00:00]} e6 {[%emt 0:00:01]} 7. Bc4 {[%emt 0:00:01]} Bc5 {[%emt 0:00:04]
} 8. c3 {[%emt 0:00:02]} Nbd7 {[%emt 0:00:10]} 9. d4 {[%emt 0:00:01]} Bb6 {
[%emt 0:00:05]} 10. O-O {[%emt 0:00:02]} O-O {[%emt 0:00:02]} 11. Kh1 {[%emt 0:
00:01]} c5 {[%emt 0:00:01]} 12. dxc5 {[%emt 0:00:02]} Nxc5 {[%emt 0:00:04]} 13.
Qc2 {[%emt 0:00:07]} Bxf3 {[%emt 0:00:15]} 14. Rxf3 {[%emt 0:00:01]} Qc7 {
[%emt 0:00:02]} 15. Rf1 {[%emt 0:00:15]} Rfd8 {[%emt 0:00:13]} 16. Be3 {[%emt
0:00:01]} Ng4 {[%emt 0:00:22]} 17. Bg1 {[%emt 0:00:11]} Nd7 {[%emt 0:00:08]}
18. Bxb6 {[%emt 0:00:11]} Qxb6 {[%emt 0:00:01]} 19. Bd3 {[%emt 0:00:01]} Ne3 {
[%emt 0:00:19]} 20. Bxh7+ {[%emt 0:00:01]} Kh8 {[%emt 0:00:09]} 21. Qe2 {[%emt
0:00:13]} Nf6 {[%emt 0:00:09]} 22. Rfe1 {[%emt 0:00:07]} Neg4 {[%emt 0:00:33]}
23. Be4 {[%emt 0:00:11]} Nf2+ {[%emt 0:00:11]} 24. Kg1 {[%emt 0:00:19]} N2xe4+
{[%emt 0:00:02]} 25. Kh1 {[%emt 0:00:20]} Nf2+ {[%emt 0:00:01]} 26. Kg1 {[%emt
0:00:01]} Nd3+ {[%emt 0:00:05]} 27. Kh1 {[%emt 0:00:01]} Nxe1 {[%emt 0:00:02]}
28. Rxe1 {[%emt 0:00:00]} Qd6 {[%emt 0:00:10]} 29. f5 {[%emt 0:00:15]} Qd3 {
[%emt 0:00:09]} 30. Qf2 {[%emt 0:00:12]} Qd2 {[%emt 0:00:03]} 31. Re2 {[%emt 0:
00:12]} Qc1+ {[%emt 0:00:02]} 32. Nf1 {[%emt 0:00:02]} exf5 {[%emt 0:00:26]}
33. Kg1 {[%emt 0:00:26]} Rd1 {[%emt 0:00:08]} 34. Qh4+ {[%emt 0:00:00]} Kg8 {
[%emt 0:00:01]} 35. Rf2 {[%emt 0:00:01]} Ng4 {[%emt 0:00:12]} 36. Rxf5 {[%emt
0:00:06]} Ne3 {[%emt 0:00:04] Irremeabilis poddaje siê} 0-1

[Event "T-Director's Swiss sytem"]
[Site "playchess.com #662980"]
[Date "2014.03.16"]
[Round "7"]
[White "Jiiva"]
[Black "Fc2008"]
[Result "0-1"]
[WhiteElo "1977"]
[BlackElo "2399"]
[PlyCount "62"]
[EventDate "2014.03.16"]
[EventType "swiss (blitz)"]

1. e4 {[%emt 0:00:09]} d5 {[%emt 0:00:02]} 2. exd5 {[%emt 0:00:07]} Nf6 {[%emt
0:00:02]} 3. c4 {[%emt 0:00:05]} e6 {[%emt 0:00:02]} 4. dxe6 {[%emt 0:00:05]}
Bxe6 {[%emt 0:00:02]} 5. Nf3 {[%emt 0:00:03]} Nc6 {[%emt 0:00:02]} 6. d4 {
[%emt 0:00:03]} Bb4+ {[%emt 0:00:03]} 7. Nc3 {[%emt 0:00:09]} Ne4 {[%emt 0:00:
02]} 8. Qc2 {[%emt 0:00:12]} Qe7 {[%emt 0:00:29]} 9. Qxe4 {[%emt 0:00:09]}
O-O-O {[%emt 0:00:02]} 10. d5 {[%emt 0:00:14]} Rhe8 {[%emt 0:00:02]} 11. dxe6 {
[%emt 0:00:10]} Qd6 {[%emt 0:00:06]} 12. Bf4 {[%emt 0:00:20]} Rxe6 {[%emt 0:00:
17]} 13. Bxd6 {[%emt 0:00:09]} Rxe4+ {[%emt 0:00:02]} 14. Be2 {[%emt 0:00:05]}
Rxd6 {[%emt 0:00:03]} 15. Nd2 {[%emt 0:00:08]} Bxc3 {[%emt 0:00:10]} 16. bxc3 {
[%emt 0:00:04]} Re7 {[%emt 0:00:06]} 17. Nf1 {[%emt 0:00:07]} f5 {[%emt 0:00:
03]} 18. Ne3 {[%emt 0:00:10]} g6 {[%emt 0:00:05]} 19. g3 {[%emt 0:00:13]} Ne5 {
[%emt 0:00:08]} 20. O-O {[%emt 0:00:10]} Rd2 {[%emt 0:00:02]} 21. Rfe1 {[%emt
0:00:11]} c6 {[%emt 0:00:02]} 22. Kg2 {[%emt 0:00:22]} a5 {[%emt 0:00:02]} 23.
c5 {[%emt 0:00:18]} Nd7 {[%emt 0:00:03]} 24. Bf3 {[%emt 0:00:26]} Nxc5 {[%emt
0:00:05]} 25. Nc4 {[%emt 0:00:05]} Rxe1 {[%emt 0:00:07]} 26. Rxe1 {[%emt 0:00:
04]} Rxa2 {[%emt 0:00:02]} 27. Re7 {[%emt 0:00:14]} a4 {[%emt 0:00:05]} 28.
Nd6+ {[%emt 0:00:12]} Kb8 {[%emt 0:00:05]} 29. Be2 {[%emt 0:00:19]} a3 {[%emt
0:00:25]} 30. Bc4 {[%emt 0:00:07]} Rd2 {[%emt 0:00:02]} 31. Nf7 {[%emt 0:00:10]
} b5 {[%emt 0:00:08] Jiiva resigns} 0-1

[Event "T-Director's Swiss sytem"]
[Site "playchess.com #662980"]
[Date "2014.03.16"]
[Round "1"]
[White "Jiiva"]
[Black "Grunfelder"]
[Result "1-0"]
[WhiteElo "1925"]
[BlackElo "1295"]
[PlyCount "63"]
[EventDate "2014.03.16"]
[EventType "swiss (blitz)"]

1. e4 {[%emt 0:00:05]} c5 {[%emt 0:00:01]} 2. Nf3 {[%emt 0:00:02]} d6 {[%emt 0:
00:01]} 3. d3 {[%emt 0:00:01]} Nf6 {[%emt 0:00:04]} 4. g3 {[%emt 0:00:02]} g6 {
[%emt 0:00:01]} 5. Bg2 {[%emt 0:00:01]} Bg7 {[%emt 0:00:01]} 6. O-O {[%emt 0:
00:02]} Nc6 {[%emt 0:00:01]} 7. c3 {[%emt 0:00:01]} Rb8 {[%emt 0:00:01]} 8.
Nbd2 {[%emt 0:00:01]} O-O {[%emt 0:00:02]} 9. d4 {[%emt 0:00:01]} cxd4 {[%emt
0:00:01]} 10. Nxd4 {[%emt 0:00:03]} Qc7 {[%emt 0:00:02]} 11. Re1 {[%emt 0:00:
03]} Nd7 {[%emt 0:00:01]} 12. N2f3 {[%emt 0:00:03]} Nxd4 {[%emt 0:00:09]} 13.
cxd4 {[%emt 0:00:02]} b6 {[%emt 0:00:02]} 14. Be3 {[%emt 0:00:04]} Bb7 {[%emt
0:00:02]} 15. Rc1 {[%emt 0:00:02]} Qd8 {[%emt 0:00:02]} 16. Nd2 {[%emt 0:00:09]
} Nf6 {[%emt 0:00:09]} 17. Qa4 {[%emt 0:00:13]} Ra8 {[%emt 0:00:26]} 18. Qc2 {
[%emt 0:00:16]} Qd7 {[%emt 0:00:26]} 19. Qc7 {[%emt 0:00:10]} Rac8 {[%emt 0:00:
01]} 20. Qxd7 {[%emt 0:00:05]} Nxd7 {[%emt 0:00:08]} 21. Nb3 {[%emt 0:00:14]}
Nf6 {[%emt 0:00:08]} 22. e5 {[%emt 0:00:06]} Bxg2 {[%emt 0:00:20]} 23. exf6 {
[%emt 0:00:14]} Bxf6 {[%emt 0:00:01]} 24. Kxg2 {[%emt 0:00:01]} a5 {[%emt 0:00:
58]} 25. Rxc8 {[%emt 0:00:14]} Rxc8 {[%emt 0:00:04]} 26. Rc1 {[%emt 0:00:13]}
Rb8 {[%emt 0:00:02]} 27. Rc2 {[%emt 0:00:10]} a4 {[%emt 0:00:02]} 28. Nd2 {
[%emt 0:00:12]} b5 {[%emt 0:00:03]} 29. Ne4 {[%emt 0:00:15]} Bg7 {[%emt 0:00:
02]} 30. Rc7 {[%emt 0:00:05]} d5 {[%emt 0:00:53]} 31. Nc3 {[%emt 0:00:02]} Bf6
{[%emt 0:00:03]} 32. Nxd5 {[%emt 0:00:13] Grunfelder abandonne} 1-0

[Event "T-Director's Swiss sytem"]
[Site "playchess.com #662980"]
[Date "2014.03.16"]
[Round "3"]
[White "Jiiva"]
[Black "Whn"]
[Result "1-0"]
[WhiteElo "1923"]
[BlackElo "1686"]
[PlyCount "101"]
[EventDate "2014.03.16"]
[EventType "swiss (blitz)"]

1. e4 {[%emt 0:00:02]} c5 {[%emt 0:00:00]} 2. Nf3 {[%emt 0:00:02]} d6 {[%emt 0:
00:02]} 3. d3 {[%emt 0:00:02]} e5 {[%emt 0:00:01]} 4. g3 {[%emt 0:00:04]} Nf6 {
[%emt 0:00:01]} 5. Bg2 {[%emt 0:00:04]} Nc6 {[%emt 0:00:01]} 6. O-O {[%emt 0:
00:02]} Be7 {[%emt 0:00:01]} 7. c3 {[%emt 0:00:01]} O-O {[%emt 0:00:02]} 8. Re1
{[%emt 0:00:01]} a6 {[%emt 0:00:05]} 9. d4 {[%emt 0:00:03]} cxd4 {[%emt 0:00:
12]} 10. cxd4 {[%emt 0:00:02]} Bg4 {[%emt 0:00:02]} 11. d5 {[%emt 0:00:04]} Nd4
{[%emt 0:00:03]} 12. Be3 {[%emt 0:00:02]} Nxf3+ {[%emt 0:00:22]} 13. Bxf3 {
[%emt 0:00:02]} Bxf3 {[%emt 0:00:03]} 14. Qxf3 {[%emt 0:00:02]} Rc8 {[%emt 0:
00:06]} 15. Nc3 {[%emt 0:00:02]} Qd7 {[%emt 0:00:12]} 16. Rac1 {[%emt 0:00:04]}
h6 {[%emt 0:00:06]} 17. Kg2 {[%emt 0:00:11]} Ng4 {[%emt 0:00:24]} 18. Bd2 {
[%emt 0:00:12]} Nf6 {[%emt 0:00:17]} 19. b3 {[%emt 0:00:11]} b5 {[%emt 0:00:02]
} 20. a4 {[%emt 0:00:03]} b4 {[%emt 0:00:06]} 21. Nd1 {[%emt 0:00:02]} a5 {
[%emt 0:00:01]} 22. Ne3 {[%emt 0:00:02]} Rxc1 {[%emt 0:00:05]} 23. Rxc1 {[%emt
0:00:02]} Rc8 {[%emt 0:00:00]} 24. Nc4 {[%emt 0:00:05]} Qd8 {[%emt 0:00:09]}
25. Be3 {[%emt 0:00:02]} Nd7 {[%emt 0:00:19]} 26. Qg4 {[%emt 0:00:33]} Kh8 {
[%emt 0:00:08]} 27. Nxa5 {[%emt 0:00:11]} Rxc1 {[%emt 0:00:03]} 28. Bxc1 {
[%emt 0:00:02]} Nf6 {[%emt 0:00:04]} 29. Qf5 {[%emt 0:00:18]} Qxa5 {[%emt 0:00:
04]} 30. Qc8+ {[%emt 0:00:01]} Qd8 {[%emt 0:00:02]} 31. Qc4 {[%emt 0:00:02]}
Qb8 {[%emt 0:00:19]} 32. Bd2 {[%emt 0:00:13]} Kh7 {[%emt 0:00:01]} 33. Bxb4 {
[%emt 0:00:11]} Bd8 {[%emt 0:00:26]} 34. Ba3 {[%emt 0:00:13]} Qc7 {[%emt 0:00:
13]} 35. Qd3 {[%emt 0:00:04]} Nd7 {[%emt 0:00:03]} 36. b4 {[%emt 0:00:06]} Qa7
{[%emt 0:00:20]} 37. Qd1 {[%emt 0:00:13]} Bc7 {[%emt 0:00:07]} 38. a5 {[%emt 0:
00:14]} Qa6 {[%emt 0:00:04]} 39. Qf3 {[%emt 0:00:07]} Nf6 {[%emt 0:00:01]} 40.
Qf5+ {[%emt 0:00:02]} Kg8 {[%emt 0:00:15]} 41. Bc1 {[%emt 0:00:04]} Bxa5 {
[%emt 0:00:11]} 42. bxa5 {[%emt 0:00:04]} Qxa5 {[%emt 0:00:00]} 43. Be3 {[%emt
0:00:01]} Qb4 {[%emt 0:00:07]} 44. f3 {[%emt 0:00:02]} Qb2+ {[%emt 0:00:02]}
45. Kh3 {[%emt 0:00:03]} Qe2 {[%emt 0:00:35]} 46. Bxh6 {[%emt 0:00:12]} Qf1+ {
[%emt 0:00:03]} 47. Kh4 {[%emt 0:00:02]} Qg2 {[%emt 0:00:07]} 48. h3 {[%emt 0:
00:12]} Ne8 {[%emt 0:00:35]} 49. Bg5 {[%emt 0:00:12] .} g6 {[%emt 0:00:09]} 50.
Qc8 {[%emt 0:00:07]} Kf8 {[%emt 0:00:02]} 51. Bh6+ {[%emt 0:00:03] Âðåìÿ} 1-0

[Event "T-Director's Swiss sytem"]
[Site "playchess.com #662980"]
[Date "2014.03.16"]
[Round "1"]
[White "Jjchezz"]
[Black "Vertetics Attila"]
[Result "0-1"]
[WhiteElo "1700"]
[BlackElo "2470"]
[PlyCount "122"]
[EventDate "2014.03.16"]
[EventType "swiss (blitz)"]

1. d4 {[%emt 0:00:04]} Nf6 {[%emt 0:00:01]} 2. Nf3 {[%emt 0:00:03]} e6 {[%emt
0:00:01]} 3. Bg5 {[%emt 0:00:02]} d6 {[%emt 0:00:14]} 4. e4 {[%emt 0:00:15]} h6
{[%emt 0:00:01]} 5. Bxf6 {[%emt 0:00:02]} Qxf6 {[%emt 0:00:00]} 6. c3 {[%emt 0:
00:01]} g5 {[%emt 0:00:07]} 7. e5 {[%emt 0:00:05]} Qe7 {[%emt 0:00:03]} 8. h3 {
[%emt 0:00:05]} Bg7 {[%emt 0:00:02]} 9. Bd3 {[%emt 0:00:13]} Nd7 {[%emt 0:00:
05]} 10. Qe2 {[%emt 0:00:13]} b6 {[%emt 0:00:09]} 11. Be4 {[%emt 0:00:09]} d5 {
[%emt 0:00:02]} 12. Bd3 {[%emt 0:00:02]} c5 {[%emt 0:00:02]} 13. Nbd2 {[%emt 0:
00:02]} c4 {[%emt 0:00:04]} 14. Bc2 {[%emt 0:00:02]} b5 {[%emt 0:00:00]} 15.
O-O {[%emt 0:00:05]} a5 {[%emt 0:00:01]} 16. Nh2 {[%emt 0:00:05]} h5 {[%emt 0:
00:15]} 17. f4 {[%emt 0:00:05]} gxf4 {[%emt 0:00:12]} 18. Rxf4 {[%emt 0:00:07]}
Qg5 {[%emt 0:00:07]} 19. Raf1 {[%emt 0:00:06]} Rf8 {[%emt 0:00:02]} 20. Qf2 {
[%emt 0:00:09]} Qe7 {[%emt 0:00:09]} 21. Nhf3 {[%emt 0:00:11]} Nb6 {[%emt 0:00:
08]} 22. h4 {[%emt 0:00:04]} f5 {[%emt 0:00:09]} 23. exf6 {[%emt 0:00:04]} Rxf6
{[%emt 0:00:01]} 24. Ng5 {[%emt 0:00:03]} Rxf4 {[%emt 0:00:08]} 25. Qxf4 {
[%emt 0:00:16]} Kd7 {[%emt 0:00:23]} 26. Ndf3 {[%emt 0:00:11]} Kc6 {[%emt 0:00:
05]} 27. Nf7 {[%emt 0:00:03]} Bd7 {[%emt 0:00:05]} 28. N7e5+ {[%emt 0:00:02]}
Kb7 {[%emt 0:00:01]} 29. Ng6 {[%emt 0:00:18]} Qe8 {[%emt 0:00:03]} 30. Qd6 {
[%emt 0:00:33]} Bh6 {[%emt 0:00:15]} 31. Nfe5 {[%emt 0:00:14]} Rc8 {[%emt 0:00:
17]} 32. Rf7 {[%emt 0:00:17]} Rc7 {[%emt 0:00:01]} 33. Nf8 {[%emt 0:00:46]} Nc8
{[%emt 0:00:18]} 34. Qa3 {[%emt 0:00:15]} b4 {[%emt 0:00:02]} 35. cxb4 {[%emt
0:00:11]} Bxf8 {[%emt 0:00:02]} 36. Qxa5 {[%emt 0:00:03]} Bd6 {[%emt 0:00:14]}
37. Rxd7 {[%emt 0:00:11]} Rxd7 {[%emt 0:00:11]} 38. Qb5+ {[%emt 0:00:09]} Nb6 {
[%emt 0:00:02]} 39. Nxd7 {[%emt 0:00:05]} Qxd7 {[%emt 0:00:02]} 40. Qxd7+ {
[%emt 0:00:01]} Nxd7 {[%emt 0:00:00]} 41. a3 {[%emt 0:00:02]} Bf4 {[%emt 0:00:
04]} 42. Bd1 {[%emt 0:00:01]} Nf6 {[%emt 0:00:02]} 43. Kf2 {[%emt 0:00:01]} Bc1
{[%emt 0:00:02]} 44. b3 {[%emt 0:00:02]} cxb3 {[%emt 0:00:11]} 45. Bxb3 {[%emt
0:00:02]} Bxa3 {[%emt 0:00:00]} 46. b5 {[%emt 0:00:01]} Bb2 {[%emt 0:00:05]}
47. Kf3 {[%emt 0:00:00]} Bxd4 {[%emt 0:00:03]} 48. Kf4 {[%emt 0:00:00]} Kb6 {
[%emt 0:00:03]} 49. Kg5 {[%emt 0:00:01]} Kxb5 {[%emt 0:00:01]} 50. Bd1 {[%emt
0:00:01]} Kc5 {[%emt 0:00:02]} 51. Bxh5 {[%emt 0:00:01]} Nxh5 {[%emt 0:00:00]}
52. Kxh5 {[%emt 0:00:02]} e5 {[%emt 0:00:00]} 53. Kg4 {[%emt 0:00:02]} e4 {
[%emt 0:00:00]} 54. Kf4 {[%emt 0:00:01]} Kd6 {[%emt 0:00:01]} 55. g4 {[%emt 0:
00:00]} Ke6 {[%emt 0:00:01]} 56. g5 {[%emt 0:00:01]} Be5+ {[%emt 0:00:01]} 57.
Ke3 {[%emt 0:00:01]} Kf5 {[%emt 0:00:01]} 58. Ke2 {[%emt 0:00:02]} d4 {[%emt 0:
00:00]} 59. Kd2 {[%emt 0:00:01]} Bf4+ {[%emt 0:00:03]} 60. Ke2 {[%emt 0:00:00]}
Bxg5 {[%emt 0:00:02]} 61. Kd1 {[%emt 0:00:00]} Bxh4 {[%emt 0:00:02] Jjchezz
gibt auf} 0-1